000 00412cam a22001575a 4500
001 J100940
008 000000s1928 xxk 000 0 eng u
035 _a(Sirsi) u100940
110 _aSurveyors' Institution
_93783
245 0 4 _aThe Landlord and Tenant Act 1927. Memorandum May 1928.
260 _c1928
300 _a100p.
651 4 _aUnited Kingdom
_y
690 _aLandlord and tenant
_96252
942 _n0
999 _c99936
_d99936